000 00798nam a2200217Ia 4500
001 11256
003 GE_BSU
008 181216s||||||||xx |||||||||||||| ||und||
040 _cGE_BSU
080 _a57.043
100 _aგაფრინდაშვილი ი. გორდეზიანი კ. გორდეზიანი მ.
245 _aსინათლე, სითბო, ნიადაგი, მცენარე
245 _cმხატვ. ვ. ხიდაშელი
260 _aთბილისი.
260 _bსაბჭოთა საქართველო.
260 _c1969
300 _a222გვ.20სმ.
300 _eილ.
653 _aსინათლე, სითბო, ნიადაგი, მცენარე
942 _cBK
999 _c44473
_d44473